| 000 | 01578nam a22002897a 4500 | ||
|---|---|---|---|
| 005 | 20080819113830.0 | ||
| 008 | 080819t xxu||||| |||| 00| 0 hin d | ||
| 010 | _aHIN-83967 | ||
| 020 |
_c200.00 _a8188423025 |
||
| 035 | _aHN-56313 | ||
| 037 | _aDBAD / PUB | ||
| 040 |
_aDPL _bHN |
||
| 082 | _a820.92 | ||
| 100 | _aविष्णुकान्त शास्त्री | ||
| 245 |
_aचिन्तक और चिन्तन / _cआचार्य विष्णुकान्त शास्त्री ;मनोज कुमार पाण्डेय द्वारा संपादित |
||
| 246 |
_aChintak our Chintan _bVishnu kant Shastri |
||
| 260 |
_aइन्दौर _bरंग प्रकाशन _c2004 |
||
| 270 |
_a33, बक्षी गली, वीर सावरकर मार्केट _bइन्दौर _e4 _mkitab@vsnl.net |
||
| 300 |
_a191पृ _c22सेमी (सजिल्द) |
||
| 600 | _aविष्णुकान्त शास्त्री | ||
| 600 | _aVishnukant Shashtri | ||
| 650 |
_aहिन्दी साहित्य _xआलोचना _xसंस्मरण |
||
| 650 |
_aHindi literature _xCriticism _xMemoir |
||
| 700 | _aपाण्डेय, मनोज कुमार | ||
| 942 |
_2ddc _cHN _h820.92 _mशास्त्रीवि |
||
| 999 |
_c14909 _d14909 |
||